000
00322nam a2200133Ia 4500
008
191201s2005 xx 000 0 und d
100
_a
NARAYAN, R K
245
4
_a
The English Teacher
250
_a
23th
260
_a
N.Delhi
_b
Indian Thought Publision
_c
2005
300
_a
183
650
_a
General Books
942
_2
ddc
_c
BK
999
_c
2404
_d
2404